Biblioteca ESET

Ciencias Naturales 1 ES (Registro nro. 701)

Detalles MARC
000 -CABECERA
fixed length control field 00670nam a2200241Ia 4500
003 - CONTROL NUMBER IDENTIFIER
control field AR-BeUNQ
005 - FECHA Y HORA DE LA ULTIMA TRANSACCION
control field 20240429144809.0
008 - ELEMENTOS DE LONGITUD FIJA-INFORMACION GENERAL
fixed length control field 221202s9999 xx 000 0 und d
020 ## - NUMERO INTERNACIONAL NORMALIZADO PARA LIBROS
Número Internacional Normalizado del libro 978950113502
040 ## - FUENTE DE CATALOGACION
Agencia de catalogación original AR-BeUNQ
Idioma de catalogación ESPAÑOL
Convenciones de la descripción aacr
Agencia que realiza la transcripción AR-BeUNQ
245 #0 - MENCION DE TITULO
Título Ciencias Naturales 1 ES
250 ## - MENCION DE EDICION
Mención de edición 1a.ed
260 ## - PUBLICACION, DISTRIBUCION, ETC.
Lugar de publicación, distribución, etc. San Isidro :
Nombre del editor, distribuidor, etc. Estrada,
Fecha de publicación, distribución, etc 2012
300 ## - DESCRIPCION FISICA
Extensión 288 p. :
Otros detalles físicos il. ;
Dimensiones 20 x 28 cm
490 ## - MENCION DE SERIE
Mención de serie Confluencias
504 ## - NOTA DE BIBLIOGRAFIA, ETC.
Nota de bibliografía, etc. Anexos al final de cada capítulo
653 ## - TERMINO DE INDIZACION - NO CONTROLADO
Término de indización no controlado Biologia
653 ## - TERMINO DE INDIZACION - NO CONTROLADO
Término de indización no controlado Ciencias Naturales
653 ## - TERMINO DE INDIZACION - NO CONTROLADO
Término de indización no controlado Enseñanza Secundaria
700 ## - ASIENTO SECUNDARIO - NOMBRE DE PERSONA
Personal name Adragna, Elena
929 ## - DATOS DE ADQUISICION
Proveedor UNQ
Fecha de recibido 2022
Procedencia DONACION
Patrimonio UNQ PAT0081634
Número de inventario 60256
942 ## - ELEMENTOS DE PUNTO DE ACCESO ADICIONAL (KOHA)
Tipo de ítem Koha Libros
Suppress in OPAC 0
Existencias
Estado de retiro Estado de pérdida Fecha de ingreso Total Checkouts Signatura topográfica completa Inventario Date last seen Tipo de ítem Koha
    02/12/2022   574 CIE 60256 02/12/2022 Libros

ESET UNQ

☏ 4365-7188
 Avenida República de Francia 1714 entre Doctor Kenny y Concordia, Ezpeleta, Bs As.
✉ secretaria_eset@unq.edu.ar

Con tecnología Koha